| 000 | 00988nam a2200253Ia 4500 | ||
|---|---|---|---|
| 001 | 16288 | ||
| 003 | GE_BSU | ||
| 008 | 181216s||||||||xx |||||||||||||| ||und|| | ||
| 020 | _aISBN 978-9941-10-798-6 | ||
| 040 | _cGE_BSU | ||
| 080 | _a34(37)(075.8) | ||
| 100 | _aგარიშვილი, მარინა, მარიამ ხოფერია | ||
| 245 | _aრომის სამართალი | ||
| 245 | _bსახელმძღვ. | ||
| 260 | _aთბილისი | ||
| 260 | _bმერიდიანი | ||
| 260 | _c2013 | ||
| 300 | _a512 გვ. 20 სმ.. | ||
| 300 | _bბიბლიოგრ. ტექსტ. შენიშვნ. და გვ. 508-510. | ||
| 541 | _h18ლ.-20ლ. | ||
| 653 | _aრომის სამართალი - სახელმძღვანელოები უმაღლესი სასწავლებლებისათვის; | ||
| 653 | _aსამართალი | ||
| 942 | _cBK | ||
| 999 |
_c49371 _d49371 |
||